000 00537nam a2200169Ia 4500
005 20250508152951.0
008 008 250505s9999 xx 000 0 eng d
037 _aBooks to be hide in OPAC
040 _aFEDL
_beng
_cFEDL
041 _aeng
_2eng
084 _a370.194, NFE/O
_qFEDL
245 0 _aReading interests and habits of village people: A study of village Mikhmelpur in Delhi
245 0 _cNational Fundamental Education Centre
300 _a56p.
942 _cHB
_h370.194, NFE/O
999 _c1339889
_d1339889